[Event "AUTO-OPEN-2638"]
[Site "http://www.queenalice.com/game.php?id=1041007"]
[Date "2012.3.20"]
[Round "1"]
[White "pinino"]
[Black "clark7a2"]
[Result "0-1"]
[WhiteElo "1624"]
[BlackElo "1686"]

1. e4 e5 2. d4 exd4 3. Qxd4 d6 4. Nf3 Qf6 5. e5 dxe5 6. Qxe5+ Qxe5+ 7. Nxe5 Nd7
8. Bf4 Nxe5 9. Bxe5 c6 10. Nc3 Be6 11. O-O-O Ne7 12. Ne4 Ng6 13. f4 Nxe5 14.
fxe5 Rd8 15. Rxd8+ Kxd8 16. Bd3 g6 17. Rd1 Kc7 18. c4 Bh6+ 19. Kc2 Bf5 20. Nf6
Bxd3+ 21. Rxd3 Rd8 22. Rxd8 Kxd8 23. Nxh7 Bf4 24. Nf6 Bxe5 25. Ng4 Bg7 26. b4
Kd7 27. Kd3 Ke6 28. Nf2 b6 29. a4 a6 30. Ne4 f5 31. Ng5+ Kf6 32. Nh7+ Ke5 33. g3
f4 34. Ng5 fxg3 35. hxg3 Kf5 36. Nf7 Be5 0-1

[Event "AUTO-OPEN-2638"]
[Site "http://www.queenalice.com/game.php?id=1041028"]
[Date "2012.3.20"]
[Round "1"]
[White "pinino"]
[Black "kobra23"]
[Result "0-1"]
[WhiteElo "1632"]
[BlackElo "2325"]

1. e4 e5 2. Nf3 Nc6 3. Bb5 a6 4. Bxc6 dxc6 5. Nxe5 Qd4 6. Ng4 Qxe4+ 7. Ne3 Be6
8. Nc3 Qh4 9. g3 Qe7 10. O-O O-O-O 11. d4 Nf6 12. Qf3 h5 13. Rd1 Qd7 14. a3 h4
15. Ne4 Nxe4 16. Qxe4 hxg3 17. hxg3 f5 18. Qf3 g5 19. c4 f4 20. gxf4 Rh3 21. Qe4
gxf4 22. Ng2 f3 23. Ne1 Qg7+ 0-1

[Event "AUTO-OPEN-2638"]
[Site "http://www.queenalice.com/game.php?id=1041029"]
[Date "2012.3.20"]
[Round "1"]
[White "kobra23"]
[Black "pinino"]
[Result "1-0"]
[WhiteElo "2325"]
[BlackElo "1630"]

1. e4 e5 2. Nf3 d6 3. d4 Bg4 4. Be2 Nc6 5. Nbd2 Bxf3 6. Nxf3 d5 7. exd5 Qxd5 8.
dxe5 O-O-O 9. Qxd5 Rxd5 10. Bf4 Bc5 11. Bc4 Rd7 12. O-O Bd4 13. c3 Bc5 14. b4
Bxb4 15. cxb4 Nd4 16. Rfd1 Nxf3+ 17. gxf3 Re7 18. Re1 h6 19. Rad1 g5 20. Be3 b6
21. Ba6+ Kb8 22. Rd8# 1-0

[Event "AUTO-OPEN-2638"]
[Site "http://www.queenalice.com/game.php?id=1041030"]
[Date "2012.3.20"]
[Round "1"]
[White "pinino"]
[Black "muppyman"]
[Result "0-1"]
[WhiteElo "1664"]
[BlackElo "2490"]

1. e4 e6 2. d4 d5 3. e5 c5 4. Nf3 Nc6 5. Bb5 cxd4 6. Bxc6+ bxc6 7. Qxd4 Ne7 8.
O-O Ba6 9. Re1 Nf5 10. Qa4 Qb6 11. Be3 Nxe3 12. Rxe3 Bc5 13. Rb3 Bxf2+ 14. Kh1
Bb5 15. Qf4 Qc7 16. Ng5 Bb6 17. Rf3 O-O 18. b3 h6 19. Nh3 f6 20. exf6 Rxf6 21.
Qxc7 Bxc7 22. Rxf6 gxf6 23. a4 Ba6 24. Nd2 e5 25. Rf1 Bxf1 26. Nxf1 e4 27. Nf2
Re8 28. Ng4 Kg7 29. g3 d4 30. Kg2 e3 0-1

[Event "AUTO-OPEN-2638"]
[Site "http://www.queenalice.com/game.php?id=1041031"]
[Date "2012.3.20"]
[Round "1"]
[White "muppyman"]
[Black "pinino"]
[Result "1-0"]
[WhiteElo "2482"]
[BlackElo "1630"]

1. e4 e5 2. Nf3 d6 3. d4 Be7 4. dxe5 Bg4 5. Bf4 dxe5 6. Qxd8+ Kxd8 7. Nxe5 Be6
8. Nc3 Nf6 9. O-O-O+ Nbd7 10. Bc4 Bxc4 11. Nxc4 Bb4 12. Nb5 Nxe4 13. Ne5 Bd6 14.
Nxf7+ Ke7 15. Nfxd6 cxd6 16. Rhe1 Nf6 17. Nxd6 Rhf8 18. Nxe4 Nxe4 19. Rxe4+ Kf6
20. Rd6+ Kf5 21. f3 Rae8 22. g4# 1-0

[Event "AUTO-INT-2277"]
[Site "http://www.queenalice.com/game.php?id=1041279"]
[Date "2012.3.21"]
[Round "1"]
[White "chyco"]
[Black "pinino"]
[Result "0-1"]
[WhiteElo "1642"]
[BlackElo "1613"]

1. e4 e5 2. Qf3 Nf6 3. Nc3 Bb4 4. Nb5 a6 5. Nc3 Nc6 6. Qg3 Bxc3 7. bxc3 O-O 8.
d3 g6 9. Bh6 Re8 10. Qh4 d5 11. exd5 Nxd5 12. Qxd8 Rxd8 13. O-O-O Nxc3 14. Re1
Nxa2+ 15. Kd2 Bf5 16. f3 Ncb4 17. Rxe5 Rd5 18. Rxd5 Nxd5 19. g4 Bd7 20. Nh3 Re8
21. Be2 c5 22. Rb1 Nac3 23. Rxb7 Rxe2+ 24. Kc1 Re1+ 25. Kd2 Rd1# 0-1

[Event "AUTO-INT-2277"]
[Site "http://www.queenalice.com/game.php?id=1041280"]
[Date "2012.3.21"]
[Round "1"]
[White "pinino"]
[Black "chyco"]
[Result "1-0"]
[WhiteElo "1675"]
[BlackElo "1624"]

1. e4 e5 2. Nf3 f6 3. Bc4 Bc5 4. Bxg8 Rxg8 5. O-O b6 6. d3 Ba6 7. c4 Nc6 8. Nc3
Qe7 9. a3 Qd6 10. Nd5 Bb7 11. Nh4 Nd4 12. Be3 O-O-O 13. Bxd4 Bxd4 14. Nf5 Qe6
15. Nfe7+ Kb8 16. Nxg8 Rxg8 17. Rb1 c6 18. Nb4 c5 19. Nc2 g5 20. b4 g4 21. Nxd4
Qd6 22. Nf5 Qf8 23. bxc5 Qxc5 24. Rb5 Qxa3 25. c5 bxc5 26. Nd6 Kc7 27. Nxb7 Rb8
28. Nd6 Qa6 29. Rxb8 Kxb8 30. Qb3+ Kc7 31. Nc4 h5 32. Rb1 Kd8 33. h3 gxh3 34.
gxh3 Ke7 35. Qa3 Qe6 36. Qxc5+ Kf7 37. Nd6+ Kg6 38. Nf5 d6 39. Qxd6 Qxd6 40.
Nxd6 h4 41. Ra1 Kg5 42. Rxa7 Kf4 43. Rf7 Kf3 44. Rxf6+ Ke2 45. Rf5 Kxd3 46. Rxe5
Kd4 47. Rd5+ Kc3 48. e5 1-0

[Event "AUTO-INT-2277"]
[Site "http://www.queenalice.com/game.php?id=1041295"]
[Date "2012.3.21"]
[Round "1"]
[White "MrMarks"]
[Black "pinino"]
[Result "0-1"]
[WhiteElo "1324"]
[BlackElo "1628"]

1. d4 d5 2. Nc3 Nf6 3. f3 e6 4. b3 Bb4 5. Bd2 Nc6 6. Bf4 Bxc3+ 7. Bd2 Bxa1 8.
Qxa1 O-O 9. Bg5 h6 10. Bxf6 Qxf6 11. e3 e5 12. dxe5 Nxe5 13. f4 Ng4 14. Qd1 Nxe3
15. Qxd5 Qa1+ 16. Qd1 Qxd1+ 17. Kf2 Ng4+ 18. Kg3 Qe1+ 19. Kh3 Nf2+ 20. Kg3 Nxh1+
21. Kf3 Qxf1+ 22. Ke3 Qxg1+ 23. Ke4 Re8+ 24. Kd5 Qe3 25. c4 Rd8# 0-1

[Event "AUTO-INT-2277"]
[Site "http://www.queenalice.com/game.php?id=1041296"]
[Date "2012.3.21"]
[Round "1"]
[White "pinino"]
[Black "MrMarks"]
[Result "1-0"]
[WhiteElo "1661"]
[BlackElo "1346"]

1. e4 e5 2. d4 Bb4+ 3. c3 Ba5 4. dxe5 Nc6 5. Nf3 h6 6. Bc4 g5 7. Nd4 Nxe5 8. Qb3
Rh7 9. Qb5 Nc6 10. Nxc6 bxc6 11. Qxa5 a6 12. Qf5 Rg7 13. Be3 d5 14. Qe5+ Kf8 15.
exd5 Ne7 16. dxc6 Nxc6 17. Qc5+ Ne7 18. Bd4 f6 19. Bxf6 Rg6 20. Be5 Bb7 21. O-O
Rc6 22. Qb4 Rb6 23. Qc5 Rxb2 24. Bxc7 Rc8 25. Bxd8 Rxc5 26. Na3 h5 27. Rfe1 Nc6
28. Re8+ Kxe8 29. Bb6 Rf5 30. Re1+ Kd7 31. Be6+ Kd6 32. Bxf5 Rxa2 33. Nc4+ Kd5
34. Be6# 1-0

[Event "AUTO-INT-2277"]
[Site "http://www.queenalice.com/game.php?id=1041305"]
[Date "2012.3.21"]
[Round "1"]
[White "kpfingaz"]
[Black "pinino"]
[Result "0-1"]
[WhiteElo "1596"]
[BlackElo "1662"]

1. e3 e5 2. Qh5 d6 3. Bb5+ Bd7 4. Bc4 g6 5. Qf3 Nf6 6. Qxb7 Nc6 7. Qb3 Qe7 8. a3
Nd8 9. Nc3 c6 10. h3 Bg7 11. Nf3 O-O 12. Ng5 d5 13. Be2 Bh6 14. Nf3 Be6 15. d4
exd4 16. Nxd4 Ne4 17. Nxe4 dxe4 18. Bc4 Bxc4 19. Qxc4 c5 20. Nb3 Ne6 21. h4 Rac8
22. g3 Qd6 23. Rg1 Rfd8 24. Bd2 Rb8 25. Qc3 Bg7 26. Qc4 Bxb2 27. Ra2 Rxb3 28.
Qxb3 Qxd2+ 29. Kf1 Qd1+ 30. Kg2 Qf3+ 31. Kh3 Be5 32. Rg2 Rd2 33. c3 Rxa2 34.
Qxa2 Bxc3 35. Qb1 g5 36. Qb8+ Kg7 37. Qb3 Be1 38. Qb2+ Kg6 39. Kh2 c4 40. g4
gxh4 41. Qe5 Ng5 42. Qf5+ Qxf5 43. gxf5+ Kxf5 44. Kg1 c3 45. Kf1 c2 46. Kxe1
c1=Q+ 47. Ke2 Qc2+ 48. Ke1 Nf3+ 0-1

[Event "AUTO-INT-2277"]
[Site "http://www.queenalice.com/game.php?id=1041306"]
[Date "2012.3.21"]
[Round "1"]
[White "pinino"]
[Black "kpfingaz"]
[Result "1-0"]
[WhiteElo "1597"]
[BlackElo "1597"]

1. e4 e6 2. d4 c5 3. Be3 Qa5+ 4. c3 Nc6 5. dxc5 Bxc5 6. b4 Nxb4 7. cxb4 Bxb4+ 8.
Bd2 Bxd2+ 9. Nxd2 Nf6 10. Nf3 Nxe4 11. Bd3 Nxd2 12. Nxd2 g6 13. O-O b6 14. Nc4
Qc5 15. Qf3 Rb8 16. Qf6 Rg8 17. Rac1 Qd5 18. Ne5 Bb7 19. Qxf7+ Kd8 20. Qxg8+ Ke7
21. Qf7+ Kd6 22. Nc4+ Kc7 23. Ne3+ Qc6 24. Rxc6+ Bxc6 25. Qxh7 g5 26. Rc1 Kb7
27. Be4 Bxe4 28. Qxe4+ Ka6 29. Rc7 d5 30. Qa4# 1-0

[Event "AUTO-ADV-2508"]
[Site "http://www.queenalice.com/game.php?id=1061440"]
[Date "2012.5.19"]
[Round "1"]
[White "pinino"]
[Black "gipmachado"]
[Result "0-1"]
[WhiteElo "1695"]
[BlackElo "2134"]

1. e4 e5 2. Nf3 Nc6 3. Bb5 a6 4. Bxc6 dxc6 5. Nxe5 Qd4 6. Ng4 Qxe4+ 7. Ne3 Nf6
8. O-O Be7 9. d3 Qg6 10. Qf3 O-O 11. b3 Be6 12. d4 Rad8 13. Bb2 Nd5 14. Re1 Nxe3
15. Rxe3 Qxc2 16. Bc3 Qg6 17. Qf4 Bg5 18. Qg3 Bxe3 19. Qxe3 Rfe8 20. Qf4 Rd7 21.
Nd2 Bd5 22. g3 Rde7 23. h4 Re1+ 24. Rxe1 Rxe1+ 25. Kh2 Rh1# 0-1

[Event "AUTO-ADV-2508"]
[Site "http://www.queenalice.com/game.php?id=1061441"]
[Date "2012.5.19"]
[Round "1"]
[White "gipmachado"]
[Black "pinino"]
[Result "0-1"]
[WhiteElo "1612"]
[BlackElo "1624"]

1. d4 d5 2. c4 e6 3. Nc3 Bb4 4. cxd5 Bxc3+ 5. bxc3 Qxd5 6. Nf3 Nf6 7. e3 b5 8.
Bd3 Ne4 9. Qc2 Bb7 10. a4 a6 11. axb5 Ng5 12. Be2 axb5 13. Rxa8 Bxa8 14. Ba3 Nd7
15. O-O c5 16. dxc5 Nxc5 17. Bxb5+ Bc6 18. Bxc6+ Qxc6 19. Nxg5 O-O 20. Nf3 Rc8
21. Bxc5 Qxc5 22. Rc1 h6 23. c4 e5 24. Nd2 Rb8 25. Ne4 Qb4 26. c5 Rc8 0-1

[Event "AUTO-ADV-2508"]
[Site "http://www.queenalice.com/game.php?id=1061442"]
[Date "2012.5.19"]
[Round "1"]
[White "pinino"]
[Black "Duendemalefyco"]
[Result "0-1"]
[WhiteElo "1712"]
[BlackElo "1676"]

1. e4 c6 2. d4 d5 3. e5 Bf5 4. Bd3 Bxd3 5. Qxd3 e6 6. Nf3 c5 7. Be3 cxd4 8. Bxd4
Nc6 9. Nc3 Nge7 10. Nb5 Nf5 11. O-O a6 12. Nc3 Nfxd4 13. Nxd4 Bc5 14. Nce2 Nxe5
15. Qg3 Ng6 16. Qc3 Be7 17. Nxe6 fxe6 18. Qxg7 Bf6 19. Qxb7 O-O 20. c3 Qd6 21.
Qb3 Be5 22. g3 h5 23. Qc2 Kg7 24. Rad1 h4 25. c4 hxg3 26. hxg3 Rac8 27. b3 Qc5
28. Qd3 Rcd8 29. cxd5 Rxd5 30. Qxa6 Rxd1 31. Rxd1 Qxf2+ 32. Kh1 Rh8# 0-1

[Event "AUTO-ADV-2508"]
[Site "http://www.queenalice.com/game.php?id=1061443"]
[Date "2012.5.19"]
[Round "1"]
[White "Duendemalefyco"]
[Black "pinino"]
[Result "1-0"]
[WhiteElo "1845"]
[BlackElo "1640"]

1. e4 e5 2. Nf3 d6 3. d4 exd4 4. Nxd4 c5 5. Nf3 Bg4 6. Be2 Nc6 7. O-O Nf6 8. Nc3
Bxf3 9. Bxf3 g6 10. Bg5 Bg7 11. Nb5 O-O 12. Nxd6 Qe7 13. Nc4 Rad8 14. Qc1 Qe6
15. Bxf6 Bxf6 16. e5 Nxe5 17. Nxe5 Qxe5 18. c3 b5 19. Re1 Qc7 20. Qc2 c4 21. a4
a6 22. axb5 axb5 23. Ra6 Qf4 24. Rb6 Rb8 25. Rxb8 Rxb8 26. Re4 Qd6 27. g3 Qd3
28. Qe2 Qb1+ 29. Kg2 Kg7 30. Re8 Rb7 31. Bxb7 Qf5 32. h4 Qd7 33. Bf3 b4 34. cxb4
Bxb2 35. Re7 Qd6 36. Qxb2+ 1-0

[Event "AUTO-ADV-2508"]
[Site "http://www.queenalice.com/game.php?id=1061444"]
[Date "2012.5.19"]
[Round "1"]
[White "pinino"]
[Black "ggg09"]
[Result "0-1"]
[WhiteElo "1715"]
[BlackElo "1985"]

1. e4 e6 2. d4 d5 3. e5 c5 4. Nf3 cxd4 5. Qxd4 Nc6 6. Qa4 Bd7 7. Bb5 a6 8. Bxc6
bxc6 9. O-O c5 10. Qf4 Ne7 11. c3 Ng6 12. Qe3 Qc7 13. b3 c4 14. bxc4 Qxc4 15.
Ba3 Bxa3 16. Nxa3 Qa4 17. c4 dxc4 18. Nxc4 O-O 19. Nb6 Qc6 20. Nxa8 Rxa8 21.
Rfc1 Qb7 22. Rab1 Qd5 23. Rb2 h6 24. Rd1 Qxd1+ 25. Ne1 Qa1 26. Qd2 Rc8 27. Rc2
Rxc2 0-1

[Event "AUTO-ADV-2508"]
[Site "http://www.queenalice.com/game.php?id=1061445"]
[Date "2012.5.19"]
[Round "1"]
[White "ggg09"]
[Black "pinino"]
[Result "0-1"]
[WhiteElo "1895"]
[BlackElo "1691"]

1. e4 e5 2. Nf3 d6 3. d4 exd4 4. Nxd4 c5 5. Nf3 Bg4 6. h3 Bh5 7. Bd3 Nc6 8. g4
Bg6 9. Nh4 Qxh4 10. Qf3 Ne5 11. Qg3 Qxg3 12. fxg3 c4 13. Be2 Bxe4 14. O-O Bxc2
15. Bf4 Bxb1 16. Raxb1 Nd3 17. Bxd3 cxd3 18. Rfe1+ Be7 19. Bxd6 Rd8 20. Bb4 d2
21. Rbd1 dxe1=Q+ 0-1

[Event "Challenge"]
[Site "http://www.queenalice.com/game.php?id=1066097"]
[Date "2012.5.30"]
[Round "-"]
[White "pinino"]
[Black "leonardodml25"]
[Result "0-1"]
[WhiteElo "1635"]
[BlackElo "1754"]

1. e4 e5 2. Bc4 Nf6 3. d3 Bc5 4. Nf3 d6 5. O-O O-O 6. Qd2 Ng4 7. d4 exd4 8. Nxd4
Qf6 9. Nf3 Nc6 10. h3 Nxf2 11. Rxf2 Bxf2+ 12. Qxf2 Re8 13. Nc3 Ne7 14. Bg5 Qg6
15. Qg3 h6 16. Bf4 Qxg3 17. Bxg3 Be6 18. Bxe6 fxe6 19. Nb5 Rec8 20. Nfd4 e5 21.
Nf3 a6 22. Nc3 b5 23. a3 c5 24. Rd1 Rd8 25. Bh4 g5 26. Bg3 Rab8 27. h4 b4 0-1

[Event "Challenge"]
[Site "http://www.queenalice.com/game.php?id=1072372"]
[Date "2012.6.15"]
[Round "-"]
[White "dedey_r3"]
[Black "pinino"]
[Result "1-0"]
[WhiteElo "1718"]
[BlackElo "1672"]

1. e4 e5 2. Nf3 d6 3. Bc4 Nf6 4. Nc3 Bg4 5. O-O h6 6. a3 Be7 7. Nd5 Nxd5 8. Bxd5
c6 9. Ba2 d5 10. d3 dxe4 11. dxe4 Qxd1 12. Rxd1 Bxf3 13. gxf3 O-O 14. c3 c5 15.
f4 exf4 16. Bxf4 Nc6 17. Bd6 Rfe8 18. Bxe7 Rxe7 19. f3 Ne5 20. Kf2 b5 21. b4 c4
22. Rd5 a6 23. Bb1 g5 24. a4 bxa4 25. Rxa4 Re6 26. Raa5 Nc6 27. b5 Nxa5 28. b6
Rxb6 29. Rxa5 Rxb1 30. h3 1-0

[Event "AUTO-INT-2277"]
[Site "http://www.queenalice.com/game.php?id=1084575"]
[Date "2012.7.19"]
[Round "2"]
[White "pinino"]
[Black "Ricardoabreu"]
[Result "0-1"]
[WhiteElo "1672"]
[BlackElo "1589"]

1. e4 b6 2. d4 g6 3. e5 Bb7 4. Bd3 Bxg2 5. Be4 Bxe4 6. f3 Bb7 7. Bf4 Bh6 8. Qd2
Bxf4 9. Qxf4 e6 10. Nd2 Nc6 11. O-O-O g5 12. Qe3 Qe7 13. a3 O-O-O 14. Nh3 h6 0-1

[Event "AUTO-INT-2277"]
[Site "http://www.queenalice.com/game.php?id=1084576"]
[Date "2012.7.19"]
[Round "2"]
[White "Ricardoabreu"]
[Black "pinino"]
[Result "1-0"]
[WhiteElo "1608"]
[BlackElo "1653"]

1. b3 e5 2. Bb2 Nc6 3. e3 a6 4. g3 d5 5. Bg2 Be6 6. Qh5 Bd6 7. Nc3 Nf6 8. Qe2
Nb4 9. Qd1 Bg4 10. f3 Bf5 11. d3 O-O 12. e4 dxe4 13. dxe4 Be6 14. Bh3 1-0

[Event "AUTO-INT-2277"]
[Site "http://www.queenalice.com/game.php?id=1084577"]
[Date "2012.7.19"]
[Round "2"]
[White "pinino"]
[Black "Arwan"]
[Result "0-1"]
[WhiteElo "1693"]
[BlackElo "1814"]

1. e4 e5 2. b3 Nf6 3. d3 Nc6 4. Nf3 Bc5 5. h3 O-O 6. Bb2 d6 7. d4 exd4 8. Bxd4
Nxd4 9. Nxd4 Nxe4 10. Bc4 Qf6 0-1

[Event "AUTO-INT-2277"]
[Site "http://www.queenalice.com/game.php?id=1084578"]
[Date "2012.7.19"]
[Round "2"]
[White "Arwan"]
[Black "pinino"]
[Result "1-0"]
[WhiteElo "1825"]
[BlackElo "1682"]

1. e4 e5 2. Nf3 d6 3. d4 Nc6 4. Bb5 Bd7 5. Nc3 exd4 6. Nxd4 Nxd4 7. Bxd7+ Qxd7
8. Qxd4 O-O-O 9. Qxa7 Qc6 10. O-O Nf6 11. Bg5 1-0